[Event "Sterlitamak op"]
[Site "Sterlitamak"]
[Date "2011.07.05"]
[Round "9"]
[White "Mullagaliev, Nafis"]
[Black "Nozdrin, Alexander V"]
[Result "0-1"]
[WhiteElo "2117"]
[BlackElo "2379"]
[PlyCount "70"]
[EventDate "2011.06.27"]
[EventType "swiss"]
[EventRounds "9"]
[EventCountry "RUS"]
[SourceTitle "EXT 2012"]
[Source "ChessBase"]
[SourceDate "2011.11.24"]
[SourceVersion "1"]
[SourceVersionDate "2011.11.24"]
[SourceQuality "1"]

1. d4 Nf6 2. Bg5 Ne4 3. Bf4 c5 4. c3 cxd4 5. Qxd4 d5 6. Bxb8 Rxb8 7. Qxa7 Bd7 8. Qd4 e6 9. e3 f6 10. Nf3 Qc7 11. Be2 Bc6 12. 0-0 b5 13. Qd1 Bd6 14. Nbd2 0-0 15. h3 e5 16. Qc2 Nc5 17. Rad1 f5 18. Nb3 Ne6 19. Nbd2 Qb7 20. Qb3 Nc5 21. Qc2 Qe7 22. Nb3 Ne6 23. Na5 Ba8 24. b4 Bc7 25. Nb3 f4 26. exf4 Nxf4 27. Nc5 Rb6 28. Nh2 e4 29. Bg4 h5 30. Nd7 hxg4 31. Nxb6 Bxb6 32. Nxg4 Qh4 33. Ne3 Rf6 34. Rfe1 Nxh3+ 35. gxh3 Qxh3 0-1

[Event "Bashkortostan-ch sf"]
[Site "Maloyaz"]
[Date "2011.04.13"]
[Round "3"]
[White "Mullagaliev, Nafis"]
[Black "Mukhametzyanov, Ilmir"]
[Result "0-1"]
[WhiteElo "2090"]
[BlackElo "1862"]
[PlyCount "82"]
[EventDate "2011.04.12"]
[EventType "swiss"]
[EventRounds "9"]
[EventCountry "RUS"]
[SourceTitle "EXT 2013"]
[Source "ChessBase"]
[SourceDate "2012.11.22"]
[SourceVersion "1"]
[SourceVersionDate "2012.11.22"]
[SourceQuality "1"]

1. f4 d5 2. Nf3 c5 3. e3 Nc6 4. d4 Bf5 5. c3 e6 6. Bd3 Bxd3 7. Qxd3 Nf6 8. Nbd2 c4 9. Qc2 Be7 10. 0-0 Nh5 11. Ne5 f5 12. b3 Nxe5 13. fxe5 b5 14. a4 a6 15. g4 fxg4 16. e4 g3 17. h3 Bg5 18. Qd1 Be3+ 19. Kg2 Qg5 20. axb5 Nf4+ 21. Rxf4 Qxf4 22. Qe2 0-0 23. Rxa6 Rxa6 24. bxa6 Ra8 25. bxc4 dxc4 26. Nf3 Bxc1 27. Qxc4 Rf8 28. Qxe6+ Kh8 29. Qg4 Qxg4 30. hxg4 Bf4 31. e6 Ra8 32. e7 Kg8 33. Nh4 g6 34. e5 Kf7 35. Kf3 Bd2 36. c4 Kxe7 37. d5 Rxa6 38. Ke4 Ra4 39. Kd3 Bf4 40. Nf3 g2 41. c5 Ra3+ 0-1